Bring on the empty horses / (Record no. 288537)
[ view plain ]
| 000 -LEADER | |
|---|---|
| fixed length control field | 00631nam a2200205Ii 4500 |
| 001 - CONTROL NUMBER | |
| control field | HUB038513 |
| 003 - CONTROL NUMBER IDENTIFIER | |
| control field | PILC |
| 005 - DATE AND TIME OF LATEST TRANSACTION | |
| control field | 20150827141312.0 |
| 008 - FIXED-LENGTH DATA ELEMENTS--GENERAL INFORMATION | |
| fixed length control field | 761202s1975 nyuac 000 0beng d |
| 040 ## - CATALOGING SOURCE | |
| Original cataloging agency | LXP |
| Transcribing agency | LXP |
| Modifying agency | RGC |
| 050 ## - LIBRARY OF CONGRESS CALL NUMBER | |
| Classification number | PN 2598.N5 |
| Item number | .N644 1975 |
| 100 1# - MAIN ENTRY--PERSONAL NAME | |
| Personal name | Niven, David. |
| 245 10 - TITLE STATEMENT | |
| Title | Bring on the empty horses / |
| Statement of responsibility, etc | David Niven. |
| 260 ## - PUBLICATION, DISTRIBUTION, ETC. (IMPRINT) | |
| Place of publication, distribution, etc | New York : |
| Name of publisher, distributor, etc | Dell, |
| Date of publication, distribution, etc | 1975. |
| 300 ## - PHYSICAL DESCRIPTION | |
| Extent | 352 pages : |
| Other physical details | illustrations ; |
| Dimensions | 18 cm. |
| 600 10 - SUBJECT ADDED ENTRY--PERSONAL NAME | |
| Personal name | Niven, David. |
| 650 #0 - SUBJECT ADDED ENTRY--TOPICAL TERM | |
| Topical term or geographic name as entry element | Motion picture actors and actresses |
| Geographic subdivision | United States |
| General subdivision | Biography. |
| 650 #0 - SUBJECT ADDED ENTRY--TOPICAL TERM | |
| Topical term or geographic name as entry element | Motion picture industry |
| Geographic subdivision | California |
| -- | Los Angeles. |
| 942 ## - ADDED ENTRY ELEMENTS (KOHA) | |
| Source of classification or shelving scheme | Library of Congress Classification |
| Koha item type | Books |
| Withdrawn status | Lost status | Source of classification or shelving scheme | Damaged status | Home library | Current library | Shelving location | Date acquired | Source of acquisition | Sub Shelving location | Total Checkouts | Full call number | Barcode | Date last seen | Price effective from | Koha item type |
|---|---|---|---|---|---|---|---|---|---|---|---|---|---|---|---|
| Library of Congress Classification | College Library | College Library | Fiction Section | 08/27/2015 | Donation | PN 2598.N5 .N644 1975 | C19845 | 03/01/2018 | 08/27/2015 | Books |